Sala de suicidas

Dominik es un joven en apariencia normal, con dinero, éxito y amigos. Desde un punto de vista social bien adaptado; deportista y como todos los jóvenes de hoy día, adicto a las nuevas tecnologías. Su vida comienza a cambiar cuando en su búsqueda de su identidad sexual es marginado por familia y amig...

Descripción completa

Guardado en:
Autor Principal: Komasa, Jan.
Autor Corporativo: Mediabrigade.
Otros Autores: Gierszał, Jakub; Reparto., Gasiorowska, Roma; Reparto., Pieczynski, Krzysztof; Reparto., Kulesza, Agata; Reparto.
Formato: Deslizar
Idioma:Undetermined
Publicado: Polonia : ITI Cinema, 2011.
Materias:
Etiquetas: Agregar Etiqueta
Sin Etiquetas, Sea el primero en etiquetar este registro!
LEADER 01305ngm a22002655a 4500
001 CEM.cems020722
008 231130s2011####xx#---############vlund#d
005 20231205084738.0
245 1 0 |a Sala de suicidas  |h [videograbación] /  |c Jan Komasa. 
260 |a Polonia :  |b ITI Cinema,  |c 2011. 
300 |a 111'. 
520 |a Dominik es un joven en apariencia normal, con dinero, éxito y amigos. Desde un punto de vista social bien adaptado; deportista y como todos los jóvenes de hoy día, adicto a las nuevas tecnologías. Su vida comienza a cambiar cuando en su búsqueda de su identidad sexual es marginado por familia y amigos, recluyéndose poco a poco en su particular mundo. 
538 |a Soporte: DVD -- Formato: AVI – Peso: 700mb -- Resolución: 624 x 352 -- 25fps 
500 |a Título original: Sala samobójców - Suicide Room – Idioma: Polaco – Subtítulos: Español. 
590 |a Identificación anterior: 322 
100 1 |a Komasa, Jan. 
700 1 |a Gierszał, Jakub; Reparto. 
700 1 |a Gasiorowska, Roma; Reparto. 
700 1 |a Pieczynski, Krzysztof; Reparto. 
700 1 |a Kulesza, Agata; Reparto. 
710 2 |a Mediabrigade. 
653 |a FICCIÓN 
653 |a LARGOMETRAJE 
653 |a DRAMA 
859 |a CEMS  |b BIB. CEMS - Depto. Recursos Didacticos  |h 778.5  |i KOM  |k DRD  |p 3262.23  |t Ej.1